Ferri's clinical advisor : instant diagnosis and treatment (Record no. 8207)
[ view plain ]
| 000 -LEADER | |
|---|---|
| fixed length control field | 00854nam a22001697a 4500 |
| 020 ## - INTERNATIONAL STANDARD BOOK NUMBER | |
| ISBN | 9780323041355 |
| 050 ## - CALL NUMBER | |
| Classification number | RC55 |
| Item number | .F39 |
| 100 ## - AUTHOR | |
| Personal name | Ferri, Fred F. |
| 245 ## - TITLE | |
| Title | Ferri's clinical advisor : instant diagnosis and treatment |
| Statement of responsibility, etc | Fred F Ferri; Ruben Alvero |
| 260 ## - PUBLICATION INFORMATION | |
| Place of publication | Philadelphia, Pa. : |
| Name of publisher | Mosby/Elsevier, |
| Year of publication | 2008. |
| 300 ## - DESCRIPTION | |
| Number of Pages | xxx, 1553 pages : |
| Other physical details | illustrations ; |
| Dimensions | 29 CM |
| 505 ## - FORMATTED CONTENTS NOTE | |
| Table of Content | Diseases and disorders --<br/>Differential diagnosis, etiology, and classification of common signs and symptoms --<br/>Clinical algorithms --<br/>Laboratory tests and interpretation of results --<br/>Clinical preventive services --<br/>Complementary and alternative medicine. |
| 650 ## - SUBJECTS | |
| Topical Term | Clinical medicine -- Handbooks, manuals, etc. |
| 650 ## - SUBJECTS | |
| Topical Term | Diagnosis -- Handbooks, manuals, etc. |
| 650 ## - SUBJECTS | |
| Topical Term | Primary health care -- Handbooks, manuals, etc. |
| 942 ## - ADDED ENTRY ELEMENTS (KOHA) | |
| Koha item type | Books |
| Withdrawn status | Lost status | Collection code | Home library | Current library | Shelving location | Date acquired | Source of acquisition | Full call number | Accession Number | Koha item type |
|---|---|---|---|---|---|---|---|---|---|---|
| Reference | Methodist University Library Main | Methodist University Library Main | General Stacks | 20/12/2021 | Donation Abrefa | RC55 .F39 | 8134 | Books |